Concelhos de Évora - Statistics

Estatísticas Gerais
  • Esse quiz foi jogado 198 vezes
  • A pontuação média é 10 de 14
Respostas no mapa
Respostas codificadas por cores de uma escala verde-vermelha no mapa do quiz de acordo com a % correta abaixo.
 
Estatísticas das Respostas
Concelho % Correto
Évora
100%
Montemor-o-Novo
84%
Mourão
79%
Mora
77%
Reguengos de Monsaraz
77%
Viana do Alentejo
74%
Borba
72%
Vila Viçosa
72%
Estremoz
70%
Arraiolos
67%
Vendas Novas
67%
Redondo
65%
Portel
60%
Alandroal
56%
Nenhum quiz correspondente encontrado
Distribuição das Pontuações
Porcentagem de Pessoas com Cada Pontuação
Percentil de Números Respondidos
Sua Pontuação Histórica
Você não jogou esse quiz